=LDR 00000nam 2200000 4500 =001 INLIS000000000005509 =005 20251017082602 =035 ##$$a 0010-1025000564 =007 ta =008 251017###########################0#ind## =082 ##$$a 363.67 =084 ##$$a 363.67 BAD d =100 #$$a Badan Koordinasi Keluarga Berencana Nasional =245 1#$$a Dengan Keluarga Berencana Dapat Menciptakan Keluarga Bahagia /$c Badan Koordinasi Keluarga Berencana Nasional =260 ##$$a Kalimantan Barat :$b Badan Koordinasi Keluarga Berencana Nasional =300 ##$$a 20 Hal : $b Ilus ; $c 21 =650 #4$$a Keluarga Berencana =856 ##$$a Perpustakaan Kemendukbangga